000 00249nam a2200109Ia 4500
008 190216s9999||||xx |||||||||||||| ||und||
100 _aMohana Varma K L
245 0 _aShapam
260 _bPoorna Pubs Kozhikode
_c2012
650 _aNovel
942 _cBK
999 _c26015
_d26015